000 01327nam a22002297a 4500
999 _c37389
_d37389
003 NALT
005 20220202114500.0
008 s2542 th o tha d
040 _aNALT
086 _aนร 05 3.5 352.4 2543
110 2 _aสำนักนายกรัฐมนตรี.
_9619
_bสำนักงบประมาณ
245 1 0 _aเอกสารงบประมาณ ฉบับที่ 3 งบประมาณรายจ่าย ประจำปีงบประมาณ พ.ศ. 2543 เล่มที่ 13 ส่วนราชการไม่สังกัดสำนักนายกรัฐมนตรี.../
_cสำนักงบประมาณ.
260 _aกรุงเทพฯ :
_bสำนักงบประมาณ,
_c2542.
300 _a263 หน้า :
_bตาราง ;
_c26 ซม.
610 2 0 _aรัฐวิสาหกิจ
_xงบประมาณ
_y2543
_948963
610 2 4 _aหน่วยงานอิสระ
_948964
_xงบประมาณ
_y2543
650 0 _aงบประมาณ
_zไทย
_y2543
_931304
650 0 _aงบประมาณรายจ่าย
_y2543
_948688
850 _aNALT
942 _cGOV
_2local
998 _bSOPAPORN
_cDAO
_j1020
_k จำเรียง ระวังสำโรง